000 00591nam a2200217 a 4500
001 17448
003 CO-ViMGA
008 141112s2004 ck r 000 u spa d
020 _a8432983705
040 _aCO-ViMGA
_bspa
_cCO-ViMGA
082 0 4 _a746.6 P375m
100 1 _aPerlot, Marianne; Gooyer, Jeanne de
_924771
245 1 0 _aMotivos estampados en relieve
260 _aBarcelona (EspaƱa).Ceac,
_c1996
300 _a47.p.
650 1 4 _aARTE DECORATIVO
_924772
650 1 4 _aESTAMPADOS EN PAPEL
_924773
650 1 4 _aIMPRESION
_954901
650 1 4 _aTRABAJOS MANUALES
942 _2ddc
_cBK
999 _c26985
_d26985